[Event "33rd Leon Blitz Open 2020"]
[Site "chess.com INT"]
[Date "2020.07.14"]
[Round "6"]
[White "Macovei, Andrei"]
[Black "Santos Latasa, Jaime"]
[Result "0-1"]
[WhiteTitle "IM"]
[BlackTitle "GM"]
[WhiteElo "2453"]
[BlackElo "2575"]
[WhiteFideId "13904680"]
[BlackFideId "2293307"]
[EventDate "2020.07.14"]
[EventType "blitz"]

1. e4 e5 2. Nf3 Nc6 3. Bb5 a6 4. Ba4 Nf6 5. O-O Be7 6. Re1 b5 7. Bb3 d6 8. c3
Na5 9. Bc2 c5 10. h3 Qc7 11. d4 Bd7 12. d5 O-O 13. b3 g6 14. Bh6 Rfe8 15. Nbd2
Nh5 16. Nf1 Bf6 17. Qd2 Bg7 18. Be3 Rf8 19. Ng3 Nf4 20. Rac1 Qd8 21. Bxf4 exf4
22. Qxf4 Bxc3 23. Qxd6 Nb7 24. Qf4 Bxe1 25. Rxe1 f6 26. h4 Qe7 27. h5 g5 28. Qd2
h6 29. e5 fxe5 30. Rxe5 Qg7 31. Nf5 Bxf5 32. Bxf5 Nd6 33. Bg6 Rxf3 34. Re6 Rf6
35. Qe3 Qf8 36. Re7 Rb8 37. Rc7 Re8 38. Bxe8 Qxe8 39. Qxc5 Qe1+ 40. Kh2 Qxf2 41.
Qxf2 Rxf2 42. Rc6 Nf5 43. Rxa6 Ne3 44. Kg3 Rd2 45. Kf3 Nxd5 46. Rxh6 Kf7 47. Rg6
Rd3+ 48. Ke4 Rd2 49. Rxg5 Nc3+ 50. Ke3 Rxa2 51. h6 Ra6 52. Kd3 b4 53. Rh5 Kg8
54. h7+ Kh8 55. Kc4 Na2 56. g4 Rc6+ 57. Kb5 Rg6 58. g5 Rg7 59. Kc4 Rxh7 0-1

[Event "33rd Leon Blitz Open 2020"]
[Site "chess.com INT"]
[Date "2020.07.14"]
[Round "6"]
[White "Muradli, Mahammad"]
[Black "Navalgund, Niranjan"]
[Result "1/2-1/2"]
[WhiteTitle "IM"]
[BlackTitle "FM"]
[WhiteElo "2449"]
[BlackElo "2289"]
[WhiteFideId "13409301"]
[BlackFideId "5030854"]
[EventDate "2020.07.14"]
[EventType "blitz"]

1. d4 Nf6 2. c4 Nc6 3. Nf3 e6 4. Nc3 Bb4 5. Bd2 O-O 6. Qc2 d6 7. a3 Bxc3 8. Bxc3
Qe7 9. e4 e5 10. d5 Nd4 11. Bxd4 exd4 12. Bd3 Bf5 13. O-O Bxe4 14. Rfe1 Bxd3 15.
Qxd3 Qd7 16. Nxd4 Rfe8 17. h3 Rxe1+ 18. Rxe1 Re8 19. Re3 a6 20. b4 Rxe3 21. Qxe3
Qe8 22. Qd2 Qe4 23. g3 h6 24. Qc3 Qb1+ 25. Kg2 Qe4+ 26. Kh2 h5 27. Nf3 Qe2 28.
Kg2 Qxf2+ 29. Kxf2 Ne4+ 30. Ke3 Nxc3 31. Kd3 Nd1 32. h4 Nf2+ 33. Kd4 Ng4 34. c5
Kf8 35. c6 bxc6 36. dxc6 Ke7 37. a4 Kd8 38. Ng5 Ne5 39. Kd5 Kc8 40. b5 axb5 41.
axb5 Kb8 42. b6 cxb6 43. Kxd6 f6 44. Ne6 b5 45. Kc5 b4 46. Kxb4 Nxc6+ 47. Kc5
Kb7 48. Nxg7 Kc7 49. Nxh5 f5 50. Ng7 Ne7 51. h5 Kd7 52. h6 Ng6 53. h7 Ke7 54.
Nxf5+ Kf6 55. g4 Nh8 56. Kd6 Kg5 57. Ke6 Kg6 58. Ne7+ Kxh7 59. Kf6 Kh6 60. Nf5+
Kh7 61. Nh4 Kg8 62. g5 Kh7 63. Nf5 Kg8 64. Ne7+ Kh7 65. Nf5 Kg8 66. Ne3 Kh7 67.
Nd5 Ng6 68. Kf7 Nh8+ 69. Kf6 Ng6 70. Ne3 Nh8 71. Nf5 1/2-1/2

[Event "33rd Leon Blitz Open 2020"]
[Site "chess.com INT"]
[Date "2020.07.14"]
[Round "6"]
[White "Schut, Han"]
[Black "Budrewicz, Krzysztof"]
[Result "0-1"]
[WhiteElo "2101"]
[BlackElo "2227"]
[WhiteFideId "1005561"]
[BlackFideId "1127950"]
[EventDate "2020.07.14"]
[EventType "blitz"]

1. e4 g6 2. d4 Bg7 3. Nc3 d6 4. f4 a6 5. Nf3 b5 6. Bd3 Nd7 7. e5 Nb6 8. Qe2 e6
9. Ne4 Ne7 10. a4 b4 11. c3 bxc3 12. bxc3 Ned5 13. a5 Nd7 14. O-O O-O 15. g3 Qe7
16. exd6 cxd6 17. Ba3 Re8 18. Nxd6 Nxc3 19. Qe1 Nd5 20. Nxc8 Qf6 21. Nd6 Reb8
22. Ne5 Qd8 23. Nc6 Qc7 24. Nxb8 Rxb8 25. Bxa6 Bxd4+ 26. Kh1 Qc6 27. Be2 Rb3 28.
Ne4 Ne3 29. Bf3 Qa6 30. Nd2 Nc2 31. Qe2 Qxe2 32. Bxe2 Re3 33. Bb5 Nxa1 34. Bxd7
Rxa3 35. Nc4 Ra2 36. Bb5 Nc2 37. a6 Nb4 38. Nd6 Nxa6 39. Bxa6 Rxa6 40. Ne4 Ra2
41. Rd1 Ra4 42. Kg2 Kg7 43. Kf3 h5 44. Nd6 Ra3+ 45. Ke4 Bb2 46. h4 Ra4+ 47. Kf3
Ra3+ 48. Kg2 Kf6 49. Ne4+ Ke7 50. Rb1 Ra2 51. Kh3 f6 52. Nc5 e5 53. fxe5 Bxe5
54. Re1 Ra3 55. Rg1 Kd6 56. Ne4+ Kd5 57. Nd2 Rd3 58. Nf1 Ke6 59. Kg2 Kf5 60. Kf2
Ra3 61. Rg2 Ke4 62. Ke2 Ra2+ 63. Nd2+ Kf5 64. Kd3 Kg4 65. Ne4 Rxg2 0-1

[Event "33rd Leon Blitz Open 2020"]
[Site "chess.com INT"]
[Date "2020.07.14"]
[Round "6"]
[White "Srdanovic, Jovana"]
[Black "Starozhilov, Leonid"]
[Result "0-1"]
[WhiteTitle "WFM"]
[WhiteElo "2070"]
[BlackElo "2318"]
[WhiteFideId "954810"]
[BlackFideId "14106752"]
[EventDate "2020.07.14"]
[EventType "blitz"]

1. d4 Nf6 2. c4 g6 3. Nc3 Bg7 4. e4 d6 5. Nge2 O-O 6. Ng3 c6 7. Be2 a6 8. a4 a5
9. Be3 Na6 10. Qd2 h5 11. O-O Nb4 12. f3 e5 13. d5 c5 14. Rac1 Bd7 15. Bh6 h4
16. Nh1 Nh5 17. g3 Nf4 18. Bxg7 Nh3+ 19. Kg2 Kxg7 20. Nf2 Nxf2 21. Rxf2 Rh8 22.
g4 h3+ 23. Kg1 Qh4 24. Nb5 Bxb5 25. cxb5 Raf8 26. f4 exf4 27. Qxf4 Qe7 28. g5 f6
29. Rcf1 fxg5 30. Qg4 Rxf2 31. Rxf2 Rh4 32. Qe6 Rxe4 33. Rf7+ Qxf7 34. Qxe4 Qf6
35. Bg4 Qd4+ 36. Qxd4+ cxd4 37. Kf2 b6 38. Bf3 Kf6 39. Kg3 Ke5 40. Kxh3 Kf4 41.
Kg2 g4 42. Bd1 Nxd5 43. Kf2 d3 44. Ke1 Ke3 45. Bxg4 g5 46. h3 Nf6 47. Bd1 Ne4
48. Bh5 d2+ 49. Kd1 d5 50. b3 d4 51. Kc2 d3+ 52. Kb2 Kd4 53. b4 axb4 54. Kb3 Kc5
55. Kb2 Nc3 56. Kb3 d1=Q+ 57. Bxd1 Nxd1 58. Ka2 Nc3+ 59. Kb3 Nxa4 60. h4 d2 61.
Kc2 gxh4 62. Kxd2 h3 0-1

[Event "33rd Leon Blitz Open 2020"]
[Site "chess.com INT"]
[Date "2020.07.14"]
[Round "6"]
[White "Svane, Rasmus"]
[Black "Efimenko, Zahar"]
[Result "1/2-1/2"]
[WhiteTitle "GM"]
[BlackTitle "GM"]
[WhiteElo "2613"]
[BlackElo "2602"]
[WhiteFideId "4657101"]
[BlackFideId "14107201"]
[EventDate "2020.07.14"]
[EventType "blitz"]

1. Nf3 Nf6 2. g3 d6 3. d4 Nbd7 4. Bg2 g6 5. O-O Bg7 6. Re1 O-O 7. e4 e5 8. Nc3
Re8 9. a4 h6 10. h3 a5 11. Be3 b6 12. Qd2 Kh7 13. Rad1 Bb7 14. dxe5 Nxe5 15.
Nxe5 dxe5 16. Qe2 Qe7 17. Qc4 Red8 18. Nb5 Ne8 19. Nc3 Nf6 20. Nd5 Nxd5 21. exd5
Qd6 22. h4 f5 23. Qb3 e4 24. c4 Qb4 25. Qxb4 axb4 26. b3 Bc3 27. Bd2 c6 28. Bxc3
bxc3 29. dxc6 Bxc6 30. Rc1 Rd3 31. Bf1 c2 32. Rxc2 Rxb3 33. c5 bxc5 34. Rxc5
Bxa4 35. Rc7+ Kh8 36. Ra1 Rbb8 37. Bc4 Be8 38. Rxa8 Rxa8 39. Be6 Rd8 40. h5 Rd6
41. Re7 Rd8 42. Kf1 gxh5 43. Bxf5 Bc6 44. Re6 Bb5+ 45. Kg2 Kg7 46. Bxe4 Be8 47.
Kh2 Bf7 48. Re5 Kf6 49. f4 Rd2+ 50. Kg1 Re2 51. Rf5+ Kg7 52. Bf3 Rd2 53. Bxh5
Bxh5 54. Rxh5 Kg6 55. Re5 h5 56. Kf1 Rb2 57. Rg5+ Kh6 58. Re5 Kg6 59. Re2 Rb4
60. Kg2 h4 61. Kf3 Rb3+ 62. Kg4 Rxg3+ 63. Kxh4 Rg1 64. Re5 Kf6 65. Rg5 Rxg5 66.
fxg5+ Kg6 67. Kg3 Kxg5 1/2-1/2

[Event "33rd Leon Blitz Open 2020"]
[Site "chess.com INT"]
[Date "2020.07.14"]
[Round "6"]
[White "Riehle, Marco"]
[Black "Fakhrutdinov, Timur"]
[Result "1/2-1/2"]
[WhiteTitle "FM"]
[BlackTitle "FM"]
[WhiteElo "2347"]
[BlackElo "2501"]
[WhiteFideId "12904392"]
[BlackFideId "24176702"]
[EventDate "2020.07.14"]
[EventType "blitz"]

1. e4 e5 2. Nf3 Nc6 3. Bc4 Bc5 4. O-O Nf6 5. d4 Bxd4 6. Nxd4 Nxd4 7. Bg5 d6 8.
f4 Be6 9. Na3 h6 10. fxe5 dxe5 11. Bxf6 gxf6 12. c3 Bxc4 13. Nxc4 Ne6 14. Qxd8+
Rxd8 15. Rxf6 Ke7 16. Raf1 Nf4 17. Rf5 f6 18. g3 Nh3+ 19. Kg2 Ng5 20. Rxf6 Nxe4
21. Rf7+ Ke6 22. Rxc7 Rc8 23. Rff7 Rxc7 24. Rxc7 b5 25. Ne3 Rf8 26. Rc6+ Kd7 27.
Rxh6 Rf2+ 28. Kh3 Rxb2 29. Kg4 Rxa2 30. Kf5 Nxc3 31. Kxe5 a5 32. Kd4 b4 33. Nc4
Ne2+ 34. Ke3 Nc3 35. Kd3 Na4 36. Ne5+ Ke7 37. Nc6+ Kd7 38. Ne5+ Ke7 39. h4 Nb2+
40. Ke4 b3 41. Rb6 a4 42. Kd5 Nd1 43. Rb7+ Kf8 44. Ke6 Re2 45. h5 Kg8 46. h6 b2
47. Kf6 Rxe5 48. Kxe5 a3 49. Kf6 a2 50. h7+ Kh8 51. Rb8+ Kxh7 52. Rb7+ Kh6 53.
Rb4 Kh7 54. Rb7+ Kh6 55. Rb4 Kh7 56. Rb7+ 1/2-1/2

[Event "33rd Leon Blitz Open 2020"]
[Site "chess.com INT"]
[Date "2020.07.14"]
[Round "6"]
[White "Novoselski, Zoran"]
[Black "Leenhouts, Koen"]
[Result "0-1"]
[WhiteTitle "IM"]
[BlackTitle "IM"]
[WhiteElo "2318"]
[BlackElo "2414"]
[WhiteFideId "901970"]
[BlackFideId "1008439"]
[EventDate "2020.07.14"]
[EventType "blitz"]

1. e4 c5 2. Nf3 e6 3. Nc3 Nc6 4. Bb5 Qc7 5. O-O Nge7 6. Re1 a6 7. Bxc6 Nxc6 8.
d4 cxd4 9. Nxd4 Be7 10. Nxc6 dxc6 11. e5 c5 12. Qg4 g6 13. Bh6 Bd7 14. Qf4 Bc6
15. Rad1 g5 16. Bxg5 Rg8 17. h4 h6 18. Bxe7 Rxg2+ 19. Kf1 Qxe7 20. Ne4 Bxe4 21.
Qxe4 Rg6 22. Rd6 h5 23. Red1 Rc8 24. f3 b5 25. Rd7 Qxd7 26. Rxd7 Kxd7 27. Qb7+
Rc7 28. Qxa6 b4 29. Qd6+ Kc8 30. a4 bxa3 31. bxa3 Rg8 32. a4 Rd8 33. Qa6+ Rb7
34. Qc6+ Kb8 35. Ke2 Rc8 36. Qd6+ Ka7 37. a5 c4 38. a6 Rbc7 39. c3 Rc6 40. Qa3
R8c7 41. Qa5 Rb6 42. Ke3 Rd7 43. Kf4 Rd5 44. Qa4 Rxa6 45. Qxc4 Kb7 46. Qb4+ Kc7
47. c4 Rd7 48. Kg5 Rc6 49. Kxh5 Rb6 50. Qc5+ Rc6 51. Qa7+ Kd8 52. Qa8+ Rc8 53.
Qa5+ Ke7 54. Qb4+ Ke8 55. Kg5 Rdc7 56. Kf6 Rd7 57. h5 Ra8 58. h6 Ra1 59. Qb8+
Rd8 60. Qb4 Rd7 61. h7 Rh1 62. Qb8+ Rd8 63. Qb5+ Rd7 64. Kg7 Rg1+ 0-1

[Event "33rd Leon Blitz Open 2020"]
[Site "chess.com INT"]
[Date "2020.07.14"]
[Round "6"]
[White "Pranav, Anand"]
[Black "Djukic, Nikola"]
[Result "0-1"]
[WhiteTitle "FM"]
[BlackTitle "GM"]
[WhiteElo "2381"]
[BlackElo "2525"]
[WhiteFideId "46626786"]
[BlackFideId "922412"]
[EventDate "2020.07.14"]
[EventType "blitz"]

1. d4 Nf6 2. Nf3 g6 3. c4 Bg7 4. Nc3 O-O 5. e4 d6 6. h3 e5 7. d5 a5 8. g4 Na6 9.
Be3 c6 10. Nd2 Nc5 11. Rg1 a4 12. a3 Qa5 13. Be2 Nfxe4 14. Ndxe4 Nxe4 15. Rc1
Nxc3 16. Rxc3 cxd5 17. Qxd5 Qxd5 18. cxd5 f5 19. gxf5 Bxf5 20. Kd2 Bxh3 21. Rc7
Rf7 22. Rgc1 Raf8 23. Bb5 Bg2 24. Rxf7 Rxf7 25. Rc8+ Rf8 26. Rc7 Bxd5 27. Bxa4
e4 28. b4 h5 29. Bd7 Rf7 30. Rc8+ Kh7 31. Bh3 Bh6 32. Bxh6 Kxh6 33. Ke1 Rf3 34.
Bg2 Rxa3 35. Rd8 Ra6 36. b5 Ra1+ 37. Ke2 Bc4+ 38. Ke3 d5 39. f3 Ra2 40. Bh3 Ra3+
41. Kd4 Rxf3 42. Bc8 Rb3 43. Bxb7 Rxb5 44. Ba6 Ra5 45. Bxc4 dxc4 46. Kxe4 c3 47.
Rc8 Ra3 48. Kf4 Ra4+ 49. Kg3 Rg4+ 50. Kh3 Rf4 51. Rxc3 g5 52. Rc6+ Kg7 53. Kg3
Rf6 54. Rc5 Kg6 55. Rc8 Re6 56. Rg8+ Kf5 57. Rf8+ Rf6 58. Rh8 h4+ 59. Kh3 Kf4
60. Rc8 Kf5 61. Rc5+ Kg6 62. Rc4 Kh5 63. Rc5 Rf3+ 64. Kg2 Rg3+ 65. Kh2 Rd3 66.
Rc4 Rf3 67. Rc5 Kg4 68. Rc4+ Rf4 69. Rc5 Rf2+ 70. Kg1 Re2 71. Kf1 Ra2 72. Kg1 h3
73. Kh1 Kh4 74. Rc7 g4 75. Rc3 Rf2 76. Rd3 Rf1+ 77. Kh2 g3+ 0-1

[Event "33rd Leon Blitz Open 2020"]
[Site "chess.com INT"]
[Date "2020.07.14"]
[Round "6"]
[White "Nguyen, Thanh Thuy Tien"]
[Black "Vokhidov, Shamsiddin"]
[Result "1-0"]
[WhiteTitle "WIM"]
[BlackTitle "GM"]
[WhiteElo "1971"]
[BlackElo "2512"]
[WhiteFideId "12400998"]
[BlackFideId "14204223"]
[EventDate "2020.07.14"]
[EventType "blitz"]

1. Nf3 c5 2. e4 Nc6 3. d4 cxd4 4. Nxd4 Nf6 5. Nc3 d6 6. f3 e5 7. Ndb5 a6 8. Na3
b5 9. Nd5 Nxd5 10. exd5 Nd4 11. c3 Nf5 12. Bd3 Qh4+ 13. Ke2 Be7 14. g3 Qf6 15.
Bd2 O-O 16. Nc2 Bb7 17. Be4 Bd8 18. Qg1 Ne7 19. Ne3 Bb6 20. Ng4 Bxg1 21. Nxf6+
gxf6 22. Raxg1 Bxd5 23. Bxd5 Nxd5 24. Bh6 Rfd8 25. Rd1 Nb6 26. g4 d5 27. h4 Rac8
28. h5 d4 29. cxd4 Rc2+ 30. Rd2 Rxd2+ 31. Bxd2 exd4 32. Bh6 d3+ 33. Kd1 Nc4 34.
Rh2 d2 35. Bxd2 Nxb2+ 36. Kc2 Nc4 37. Bh6 Ne5 38. Rf2 Rd4 39. Kc3 Rd3+ 40. Kb4
Nxf3 41. Re2 Ne5 42. g5 Rh3 43. Rc2 Nc4 44. Re2 Re3 45. Rxe3 Nxe3 46. gxf6 Nd5+
47. Ka5 Nxf6 48. Kxa6 b4 49. Kb5 Nd5 50. Kc4 Nc3 51. a3 Ne4 52. axb4 f5 53. b5
Kf7 54. b6 Ke7 55. Kd5 Kd7 56. Bf4 Nf6+ 57. Kc5 Ne4+ 58. Kb5 Nc3+ 59. Ka6 Na4
60. b7 Nc5+ 61. Kb6 Nxb7 62. Kxb7 Ke6 63. Kc6 Ke7 64. Kd5 Kf6 65. h6 Kg6 66. Ke5
Kf7 67. Kxf5 1-0

[Event "33rd Leon Blitz Open 2020"]
[Site "chess.com INT"]
[Date "2020.07.14"]
[Round "6"]
[White "Gavilan Diaz, Mario"]
[Black "Ziatdinov, Raset"]
[Result "1/2-1/2"]
[WhiteTitle "FM"]
[BlackTitle "GM"]
[WhiteElo "2278"]
[BlackElo "2213"]
[WhiteFideId "2260905"]
[BlackFideId "2015323"]
[EventDate "2020.07.14"]
[EventType "blitz"]

1. e4 e5 2. Nf3 Nc6 3. Bc4 Bc5 4. c3 Nf6 5. d4 exd4 6. e5 d5 7. Bb5 Ne4 8. cxd4
Bb4+ 9. Bd2 Nxd2 10. Nbxd2 O-O 11. O-O f6 12. Bxc6 bxc6 13. h3 Rb8 14. a3 Bxd2
15. Qxd2 Bf5 16. Rac1 Be4 17. Nh2 fxe5 18. dxe5 Qe8 19. f3 Bf5 20. Qc3 Qg6 21.
g4 Bd3 22. Rfd1 Bc4 23. b4 a5 24. Nf1 axb4 25. axb4 c5 26. Nd2 cxb4 27. Qe3 Qc6
28. Qd4 b3 29. Kg2 b2 30. Rb1 Qb6 31. Nxc4 dxc4 32. Qxc4+ Kh8 33. Rd2 Qb7 34.
Qd5 Qxd5 35. Rxd5 Rb7 36. e6 Kg8 37. f4 g6 38. f5 gxf5 39. gxf5 Kg7 40. Rd7+ Kf6
41. Rd2 Rfb8 42. Re2 c5 43. Kf3 c4 44. Kf4 c3 45. Rc2 Rb4+ 46. Kg3 Rg8+ 47. Kf3
Rc8 48. Ke3 Rb5 49. Kd3 Rd5+ 50. Ke4 Re5+ 51. Kd3 Rxf5 52. Re2 Rd5+ 53. Kc2 Ke7
54. Rf2 Kxe6 55. Re2+ Re5 56. Rf2 Kd5 57. Rd1+ Kc5 58. Kxc3 Rb8 59. Rxb2 Re3+
60. Kd2 Rxb2+ 61. Kxe3 Rh2 62. Kf4 Rxh3 63. Kg5 Rh2 1/2-1/2

[Event "33rd Leon Blitz Open 2020"]
[Site "chess.com INT"]
[Date "2020.07.14"]
[Round "6"]
[White "Abdusattorov, Nodirbek"]
[Black "Azarov, Sergei"]
[Result "1/2-1/2"]
[WhiteTitle "GM"]
[BlackTitle "GM"]
[WhiteElo "2627"]
[BlackElo "2604"]
[WhiteFideId "14204118"]
[BlackFideId "13501470"]
[EventDate "2020.07.14"]
[EventType "blitz"]

1. e4 e5 2. Nf3 Nc6 3. Bb5 a6 4. Ba4 Nf6 5. O-O Be7 6. Re1 b5 7. Bb3 d6 8. c3
O-O 9. h3 h6 10. d4 Re8 11. Nbd2 Bf8 12. Bc2 Bb7 13. d5 Ne7 14. b3 c6 15. c4
cxd5 16. cxd5 Nd7 17. Nf1 f5 18. exf5 Nxd5 19. Ng3 N7f6 20. Nh4 Rc8 21. Ng6 Qc7
22. Bd3 Nc3 23. Qd2 d5 24. Bb2 d4 25. Bf1 Bc5 26. a4 e4 27. Bxc3 e3 28. fxe3
dxc3 29. Qf2 Qb6 30. Kh1 Bxe3 31. Qc2 Bd2 32. Ne7+ Rxe7 33. Rxe7 Bd5 34. axb5
Qd6 35. Re2 Qxg3 36. Rxd2 Qxh3+ 37. Kg1 Qe3+ 38. Rf2 Ng4 39. Bc4 Bxc4 40. bxc4
axb5 41. cxb5 Rd8 42. f6 Qxf2+ 43. Qxf2 Nxf2 44. Kxf2 gxf6 45. Ke3 Rd5 46. b6
Rb5 47. Ra6 c2 48. Kd2 Kg7 49. Kxc2 Kg6 50. Kc3 h5 51. Kc4 Rb2 52. Kc5 Rc2+ 53.
Kd6 Rd2+ 54. Kc7 Rc2+ 55. Kb8 Rxg2 56. b7 Rb2 57. Kc7 Rxb7+ 58. Kxb7 Kg5 59. Kc6
h4 60. Kd5 Kf4 61. Rxf6+ Kg3 62. Rg6+ Kf3 63. Rh6 Kg3 64. Ke4 h3 65. Ke3 Kg2 66.
Rg6+ Kf1 67. Rh6 Kg2 68. Rg6+ Kf1 69. Rh6 Kg2 1/2-1/2

[Event "33rd Leon Blitz Open 2020"]
[Site "chess.com INT"]
[Date "2020.07.14"]
[Round "6"]
[White "Herrera Reyes, Jose Antonio"]
[Black "Manukian, Artak"]
[Result "0-1"]
[WhiteTitle "FM"]
[WhiteElo "2304"]
[BlackElo "2196"]
[WhiteFideId "2274914"]
[BlackFideId "13301373"]
[EventDate "2020.07.14"]
[EventType "blitz"]

1. Nf3 f5 2. g3 Nc6 3. d3 e5 4. Bg2 Nf6 5. O-O d5 6. c4 dxc4 7. dxc4 Qxd1 8.
Rxd1 e4 9. Ne1 Be6 10. b3 Bd6 11. Nc3 O-O-O 12. Bb2 Be5 13. Nc2 Rxd1+ 14. Rxd1
Rd8 15. Rxd8+ Kxd8 16. e3 a5 17. Kf1 Nb4 18. Nd4 Bd7 19. Ba3 g6 20. Bxb4 axb4
21. Nce2 c5 22. Nc2 g5 23. f4 exf3 24. Bxf3 b6 25. Ne1 g4 26. Bg2 Kc7 27. Nd3
Bd6 28. Nef4 Bc6 29. Bxc6 Kxc6 30. Ne6 b5 31. cxb5+ Kxb5 32. Ng7 c4 33. Nc1 c3
34. Nxf5 Ne4 35. Ke2 Be5 36. Nd3 Bf6 37. Nh6 c2 38. Nxg4 Bb2 39. Kf3 Nc5 40.
Ngf2 Nxd3 41. Nxd3 c1=Q 42. Nxc1 Bxc1 43. Ke4 Kc5 44. g4 Kd6 45. h4 Ke6 46. g5
Kf7 47. h5 Kg7 48. g6 hxg6 49. hxg6 Kxg6 50. Kd3 Kf5 51. Kc4 Ba3 52. Kd5 Kf6 53.
e4 Ke7 54. e5 Bb2 55. Kc4 Ba3 56. Kd5 Kd7 57. Ke4 Ke6 58. Kd4 Bb2+ 59. Kc4 Ba3
60. Kd4 Bc1 61. Ke4 Bb2 62. Kd3 Kxe5 63. Kc4 Ba3 64. Kd3 Kd5 65. Kc2 Ke4 66. Kb1
Kd3 67. Ka1 Bc1 68. Kb1 Kd2 69. Ka1 Kc3 70. Kb1 Bb2 71. a4 Kxb3 72. a5 Bd4 73.
a6 Ka4 74. Kc2 b3+ 75. Kd3 Ba7 0-1

[Event "33rd Leon Blitz Open 2020"]
[Site "chess.com INT"]
[Date "2020.07.14"]
[Round "6"]
[White "Le, Tuan Minh"]
[Black "Babazada, Khazar"]
[Result "0-1"]
[WhiteTitle "IM"]
[BlackTitle "FM"]
[WhiteElo "2501"]
[BlackElo "2409"]
[WhiteFideId "12401153"]
[BlackFideId "13413554"]
[EventDate "2020.07.14"]
[EventType "blitz"]

1. d4 d5 2. Nf3 Nf6 3. Bf4 Bf5 4. e3 e6 5. c4 c6 6. Nc3 Nbd7 7. Be2 Bb4 8. O-O
O-O 9. Qb3 Bxc3 10. bxc3 Qb6 11. c5 Qxb3 12. axb3 Ne4 13. Rfc1 Rfe8 14. b4 a6
15. c4 h6 16. h3 f6 17. Bh2 Kf7 18. Bf1 g5 19. b5 axb5 20. cxb5 h5 21. b6 e5 22.
Ra7 Rxa7 23. bxa7 Ra8 24. Ra1 Ke6 25. Be2 h4 26. Kf1 Bg6 27. Ke1 exd4 28. exd4
Nc3 29. Bf1 Nf8 30. Bd6 Kf7 31. Ra3 Ne4 32. Bc7 Ke7 33. Bb6 Kd7 34. Ra4 Ne6 35.
Rb4 Bh5 36. Nd2 Nc3 37. Nb3 Nc7 38. Kd2 Ne4+ 39. Kc1 Nxf2 40. Na5 Ne6 41. Nxb7
Ne4 42. Na5 Nc3 43. Rb2 Nxd4 44. Ba6 Ncb5 45. Bb7 Rxa7 46. Bxa7 Nxa7 47. Ba6
Nab5 48. Bxb5 Nxb5 49. Rf2 Bg6 50. Rxf6 Be4 51. Nxc6 Bxg2 52. Rg6 Bxh3 53. Ne5+
Kc7 54. Rg7+ Kc8 55. Rxg5 Nd4 56. Rh5 Be6 57. Rh8+ Kc7 58. Rh7+ Kc8 59. Kb2 h3
60. Kc3 Ne2+ 61. Kb4 d4 62. c6 Nf4 63. Kc5 Bf5 64. Rf7 h2 65. Nc4 Ne6+ 66. Kd6
h1=Q 67. Nb6+ Kd8 68. c7+ Nxc7 69. Rxf5 Qh2+ 70. Kc5 Qc2+ 0-1

[Event "33rd Leon Blitz Open 2020"]
[Site "chess.com INT"]
[Date "2020.07.14"]
[Round "6"]
[White "Nguyen, Hong Nhung"]
[Black "Altman, Joshua"]
[Result "0-1"]
[WhiteTitle "WCM"]
[BlackTitle "CM"]
[WhiteElo "1697"]
[BlackElo "1926"]
[WhiteFideId "12412201"]
[BlackFideId "426210"]
[EventDate "2020.07.14"]
[EventType "blitz"]

1. e4 e6 2. d4 d5 3. Nc3 Nf6 4. e5 Nfd7 5. Nce2 c5 6. c3 Nc6 7. f4 Be7 8. Nf3
O-O 9. g3 b5 10. Bg2 a5 11. O-O b4 12. Be3 Ba6 13. Re1 bxc3 14. bxc3 cxd4 15.
cxd4 Nb4 16. Nc3 Rc8 17. Qb3 Nd3 18. Red1 Bb4 19. Na4 Bc4 20. Qc2 Bb5 21. Qe2
Bxa4 22. Rxd3 Bb5 23. Qd1 Bxd3 24. Qxd3 Rc3 25. Qe2 Qc7 26. f5 exf5 27. Nh4 g6
28. Bxd5 Nb6 29. Bg2 Rc2 30. Qf3 Qc3 31. Rf1 Nc4 32. Bh6 Qxf3 33. Nxf3 Rd8 34.
Bg5 Rd7 35. Rd1 Be7 36. Bf4 Rxa2 37. Bf1 Nb6 38. Bb5 Rd8 39. Be3 Rb2 40. Bc6 Nd5
41. Bf2 Nc3 42. Ra1 a4 43. Bxa4 Nxa4 44. Rxa4 Kg7 45. Ra7 Bb4 46. e6 Rf8 47. Ng5
h6 48. Nxf7 Kf6 49. Nxh6 Kxe6 50. g4 fxg4 51. Nxg4 Rb1+ 52. Kg2 Rf4 53. h3 Rb2
54. Kg3 Re4 55. Ra6+ Kd5 56. Rxg6 Ree2 57. Rg5+ Kc4 58. Re5 Rxe5 59. Nxe5+ Kd5
60. Nd3 Rb3 61. Kf4 Rxd3 62. h4 Bc3 63. Kg4 Bxd4 64. Bg3 Be5 65. Bf2 Ke6 66. h5
Rd2 67. Bh4 Bf6 68. Bg3 Rd4+ 69. Kh3 Kf5 70. h6 Kg6 71. Kg2 Kxh6 72. Kf3 Kg5 73.
Bf2 Rd3+ 74. Ke4 Rb3 75. Be3+ Kg6 76. Bf4 Bg5 77. Be5 Re3+ 78. Kd4 Kf5 79. Bd6
Re6 80. Kd5 Re1 81. Bc5 Rd1+ 82. Kc6 Ke6 83. Bf8 Rc1+ 84. Kb5 Kd5 85. Bb4 Rb1
86. Ka4 Kc4 87. Ba3 Ra1 0-1

[Event "33rd Leon Blitz Open 2020"]
[Site "chess.com INT"]
[Date "2020.07.14"]
[Round "6"]
[White "Khanin, Semen"]
[Black "Lysyj, Igor"]
[Result "1-0"]
[WhiteTitle "IM"]
[BlackTitle "GM"]
[WhiteElo "2482"]
[BlackElo "2594"]
[WhiteFideId "4111990"]
[BlackFideId "4150120"]
[EventDate "2020.07.14"]
[EventType "blitz"]

1. e4 e5 2. Nf3 Nc6 3. Bb5 a6 4. Ba4 Nf6 5. d3 Bc5 6. c3 d6 7. Bg5 h6 8. Bh4 O-O
9. Nbd2 Ba7 10. O-O g5 11. Bg3 Ne7 12. d4 Nh5 13. dxe5 Nxg3 14. hxg3 dxe5 15.
Nxe5 Qd6 16. Ndf3 g4 17. Qxd6 cxd6 18. Nc4 gxf3 19. Nxd6 Bg4 20. Bb3 b5 21. a4
bxa4 22. Rxa4 Bc5 23. e5 Bd7 24. Rf4 Bxd6 25. exd6 Ng6 26. Rxf3 Rab8 27. c4 Ne5
28. Rc3 Bc6 29. Ra1 Ra8 30. g4 a5 31. Re1 Nd7 32. Bc2 a4 33. Re7 Rfd8 34. g5
hxg5 35. Rg3 Ra5 36. f4 Nb6 37. f5 Rxd6 38. Rxg5+ Kf8 39. Rc7 Nd7 40. f6 Ra8 41.
Rg7 Rxf6 42. Rh7 Kg8 43. Rh5 Rb8 44. Rg5+ Kf8 45. Bf5 Rxb2 46. Bxd7 Bxd7 47.
Rxd7 Rb8 48. Ra7 Rb1+ 49. Kh2 Rc1 50. Rxa4 Rc6 51. Rg4 Rc5 52. Rf4 Rc3 53. Ra8+
Kg7 54. Ra7 R3xc4 55. Rfxf7+ Kg6 56. Rg7+ Kf6 57. Rh7 Rg5 58. Ra6+ Kf5 59. Rf7+
Kg4 60. Rh6 Rf4 61. Rfh7 Rf8 62. Rh3 Rgf5 63. Rg3+ Kf4 64. Rh4+ Ke5 65. Rg6 R5f6
66. Rg3 Rf5 67. Rgh3 Rf4 68. Rh7 R4f7 69. R7h5+ Rf5 70. g4 Rxh5 71. Rxh5+ Kf4
72. Kh3 Rf7 73. Kh4 Rf8 74. Rh7 Rf6 75. g5 Rf8 76. g6 Ra8 77. Rf7+ Ke5 78. Kg5
Ra1 79. Kh6 Rh1+ 80. Kg7 1-0

[Event "33rd Leon Blitz Open 2020"]
[Site "chess.com INT"]
[Date "2020.07.14"]
[Round "6"]
[White "Bodnaruk, Anastasia"]
[Black "Amin, Bassem"]
[Result "0-1"]
[WhiteTitle "IM"]
[BlackTitle "GM"]
[WhiteElo "2411"]
[BlackElo "2686"]
[WhiteFideId "4181751"]
[BlackFideId "10601457"]
[EventDate "2020.07.14"]
[EventType "blitz"]

1. e4 e5 2. Nf3 Nc6 3. Bb5 a6 4. Ba4 Nf6 5. O-O Be7 6. Re1 b5 7. Bb3 d6 8. a4
Bg4 9. c3 Na5 10. Bc2 b4 11. d4 Bh5 12. Nbd2 c5 13. d5 Rb8 14. c4 b3 15. Bd3 g5
16. Be2 Rg8 17. Rf1 Qc8 18. Ne1 Bg6 19. Bd3 Rb4 20. Qe2 Nh5 21. g3 Qh3 22. f3 h6
23. Ng2 Bh7 24. Nb1 Nb7 25. Nc3 Nd8 26. a5 f5 27. exf5 g4 28. fxg4 Rxg4 29. Ne4
Nf6 30. Nxf6+ Bxf6 31. Bd2 Rb7 32. Ne3 Rg5 33. Kh1 Rxg3 34. Rg1 Rbg7 35. Rxg3
Rxg3 36. Be4 Nf7 37. Bg2 Qh4 38. Be1 Rxg2 39. Nxg2 Qh3 40. Qf2 Bxf5 41. Qg3 Ng5
42. Bd2 Qxg3 43. hxg3 Ne4 44. Be1 Bg5 45. Ra3 Kd7 46. Rxb3 Kc7 47. Rb6 Bc8 48.
Rc6+ Kb7 49. Rb6+ Kc7 50. Kh2 Bb7 51. Kh3 Bd8 52. Rb3 Bc8+ 53. Kh2 Bg4 54. Ne3
Be2 55. Rb6 Bg5 56. Nf5 Bxc4 57. Ng7 Kd7 58. Ne6 Be3 59. Rb7+ Kc8 60. Rc7+ Kb8
61. Rh7 Bxd5 62. Nc7 Bc4 63. Ne8 d5 64. Re7 Ng5 65. Kg2 e4 66. Nd6 Be2 67. Rb7+
Ka8 68. Re7 d4 69. Re8+ Ka7 70. Re7+ Kb8 71. Nb7 d3 72. Nd8 Kc8 73. Nc6 Bf3+ 74.
Kf1 c4 75. Bd2 Bc5 76. Rg7 e3 77. Bc3 Bxc6 78. Be5 e2+ 0-1